Estudio de factibilidad-técnico financiero para la instalación de un taller de prefabricación de la armadura de refuerzo en una empresa constructora

Na minha lista:
Detalhes bibliográficos
Autor principal: Camacho Ureña, Allan
Formato: Livro
Publicado em: [San José, Costa Rica] 2009
Assuntos:
Tags: Adicionar Tag
Sem tags, seja o primeiro a adicionar uma tag!

MARC

LEADER 00000nam a2200000Ia 4500
003 001292
005 20221231144052.0
008 140114s2009 cr a 000 ||s d
040 |c cru CEDI  
090 |a TFG 5815 
100 |a Camacho Ureña, Allan   |9 3946 
245 |a Estudio de factibilidad-técnico financiero para la instalación de un taller de prefabricación de la armadura de refuerzo en una empresa constructora  
260 |c 2009  |b [San José, Costa Rica] 
300 |a vi, 137 hojas; ilustraciones a color 
500 |a Proyecto de graduación (licenciatura en ingeniería civil)--Universidad de Costa Rica. Facultad de Ingeniería. Escuela de Ingeniería Civil 
650 |x ARMADURAS (CONSTRUCCION)  |x  CONSTRUCCIONES DE HORMIGON ARMADO  |x  ESTRUCTURAS DE ACERO  |x MERCADEO   |x  ANALISIS   |x ANALISIS FINANCIERO  |x  COSTOS DE PRODUCCION  |x  PROYECTOS DE INVERSION   |9 3947 
942 |c TFG 
999 |c 16420  |d 16420